000 00842nam a22002777a 4500
003 UA-OsUOA
001 22037
007 ta
008 20031216b un ||||| |||| 00| 0 ukr d
100 _aВайнбаум Я.С.
700 _aКоваль В.И.
700 _aРодионова Т.А.
090 _a796(075.8)
_bВ14
942 _cBK
040 _aUA-OsUOA
_brus
_cUA-OsUOA
_dUA-OsUOA
245 _aГигиена физического воспитания и спорта
_bУчебное пособие для студентов высших педегогических учебных заведений
300 _a240 с.
955 _a0
041 _arus
080 _a796(075.8)
020 _a5-7695-1564-3
260 _aМосква
_bАкадемия
_c2003
044 _aRU
650 7 _2UDC
999 _c308250
_d308250